| 000 | 00667nam a2200205Ia 4500 | ||
|---|---|---|---|
| 003 | GCL | ||
| 008 | 140319s9999 xx 000 0 ara d | ||
| 040 |
_aGCL / _cGCL |
||
| 082 | 0 | 4 |
_a814.008 _bا ى |
| 100 | 1 | _aانيس منصور | |
| 245 | 1 | 0 |
_aيسقط الحائط الرابع / _cانيس منصور |
| 260 |
_aالقاهرة : _bدار الشعب للطباعة والنشر ، _c0 |
||
| 300 |
_a487 ص ؛ _c24 سم |
||
| 490 |
_aمطبوعات الشعب _v0 |
||
| 650 | 0 | 4 | _aالقصص العربية |
| 650 | 0 | 4 | _aالقصص الاجتماعية |
| 650 | 0 | 4 | _aالمقالات العربية |
| 650 | 0 | 4 | _aالقصة القصيرة |
| 942 |
_2ddc _cBK |
||
| 999 |
_c53701 _d53701 |
||